[Event "Dubai op 19th"]
[Site "Dubai"]
[Date "2017.04.05"]
[Round "3"]
[White "Kuznetsov, Mikhail V"]
[Black "Zhigalko, Sergei"]
[Result "0-1"]
[WhiteElo "2279"]
[BlackElo "2639"]
[PlyCount "72"]
[EventDate "2017.04.03"]
[EventType "swiss"]
[EventRounds "9"]
[EventCountry "UAE"]
[SourceTitle "CBM 177 Extra"]
[Source "ChessBase"]
[SourceDate "2017.04.27"]
[SourceVersion "1"]
[SourceVersionDate "2017.04.27"]
[SourceQuality "1"]

1. d4 Nf6 2. c4 e6 3. Nf3 b6 4. g3 Ba6 5. b3 Bb4+ 6. Bd2 Be7 7. Bg2 c6 8. Bc3 d5 9. Ne5 Nfd7 10. Nxd7 Nxd7 11. Nd2 O-O 12. O-O f5 13. b4 Nf6 14. Qa4 Bxc4 15. Nxc4 b5 16. Qa6 bxc4 17. Qxc6 Bd6 18. f3 Qe7 19. Rae1 Bxb4 20. Bxb4 Qxb4 21. Qxe6+ Kh8 22. Qxf5 Qd2 23. e3 Rab8 24. Qh3 c3 25. g4 c2 26. Qg3 Rbc8 27. Rc1 Qxe3+ 28. Kh1 Ne4 29. Qh4 g5 30. Qe1 Qxe1 31. Rcxe1 Nd2 32. Rg1 Nxf3 33. Bxf3 Rxf3 34. Rc1 Rd3 35. Kg2 Rd2+ 36. Kh3 Rxd4 0-1

[Event "Dubai op 19th"]
[Site "Dubai"]
[Date "2017.04.06"]
[Round "4"]
[White "Zhigalko, Sergei"]
[Black "Santos Ruiz, Miguel"]
[Result "1-0"]
[WhiteElo "2639"]
[BlackElo "2480"]
[PlyCount "65"]
[EventDate "2017.04.03"]
[EventType "swiss"]
[EventRounds "9"]
[EventCountry "UAE"]
[SourceTitle "CBM 177 Extra"]
[Source "ChessBase"]
[SourceDate "2017.04.27"]
[SourceVersion "1"]
[SourceVersionDate "2017.04.27"]
[SourceQuality "1"]

1. e4 c5 2. Nf3 d6 3. Bb5+ Nd7 4. O-O a6 5. Bd3 Ngf6 6. Re1 e6 7. a4 b6 8. c3 Bb7 9. Na3 Qc7 10. Qe2 Be7 11. Bc2 Rc8 12. d3 O-O 13. h3 Rfe8 14. Bf4 e5 15. Bh2 Bf8 16. Nc4 b5 17. Ne3 Bc6 18. Nd2 d5 19. exd5 Nxd5 20. Nxd5 Bxd5 21. axb5 axb5 22. c4 bxc4 23. dxc4 Bc6 24. Ne4 g6 25. Rad1 Re6 26. Nc3 Qb7 27. Be4 Bxe4 28. Nxe4 Qc7 29. Rd5 Be7 30. Nc3 Re8 31. Qd3 Rd6 32. Rxd6 Qxd6 33. Qxd6 1-0

[Event "Dubai op 19th"]
[Site "Dubai"]
[Date "2017.04.08"]
[Round "5"]
[White "Salomon, Johan"]
[Black "Zhigalko, Sergei"]
[Result "1/2-1/2"]
[WhiteElo "2487"]
[BlackElo "2639"]
[PlyCount "36"]
[EventDate "2017.04.03"]
[EventType "swiss"]
[EventRounds "9"]
[EventCountry "UAE"]
[SourceTitle "CBM 177 Extra"]
[Source "ChessBase"]
[SourceDate "2017.04.27"]
[SourceVersion "1"]
[SourceVersionDate "2017.04.27"]
[SourceQuality "1"]

1. d4 Nf6 2. c4 e6 3. g3 c5 4. Nf3 cxd4 5. Nxd4 Qc7 6. Nc3 a6 7. Bg2 Qxc4 8. O-O Nc6 9. Nb3 d5 10. Bf4 Be7 11. a3 a5 12. Rc1 Qa6 13. a4 O-O 14. Nb5 Qb6 15. Bc7 Qa6 16. Bf4 Qb6 17. Bc7 Qa6 18. Bf4 Qb6 1/2-1/2

[Event "Dubai op 19th"]
[Site "Dubai"]
[Date "2017.04.08"]
[Round "6"]
[White "Zhigalko, Sergei"]
[Black "Fier, Alexandr"]
[Result "1/2-1/2"]
[WhiteElo "2639"]
[BlackElo "2562"]
[PlyCount "83"]
[EventDate "2017.04.03"]
[EventType "swiss"]
[EventRounds "9"]
[EventCountry "UAE"]
[SourceTitle "CBM 177 Extra"]
[Source "ChessBase"]
[SourceDate "2017.04.27"]
[SourceVersion "1"]
[SourceVersionDate "2017.04.27"]
[SourceQuality "1"]

1. e4 c5 2. Nf3 e6 3. c3 d5 4. exd5 Qxd5 5. d4 Nf6 6. Na3 Nc6 7. Be3 cxd4 8. Nb5 Qd8 9. Nbxd4 Nd5 10. Bd3 Nxe3 11. fxe3 Be7 12. Qc2 Qb6 13. O-O-O Bd7 14. Kb1 O-O-O 15. Rhf1 f6 16. Bb5 Bc5 17. Bxc6 bxc6 18. e4 Be7 19. c4 c5 20. Ne2 Bc6 21. Nc3 Rxd1+ 22. Rxd1 Rd8 23. Re1 Qb7 24. Re3 Rd7 25. Qe2 Bd8 26. e5 f5 27. Nb5 Be7 28. a3 a6 29. Nd6+ Bxd6 30. exd6 Rxd6 31. Ka2 Bxf3 32. Rxf3 Qc7 33. Re3 Qd7 34. Rh3 g6 35. Qe5 h5 36. Rg3 Rc6 37. Rxg6 Qd4 38. Rg8+ Kd7 39. Rg7+ Kc8 40. Rg8+ Kd7 41. Rg7+ Kc8 42. Rg8+ 1/2-1/2

[Event "Dubai op 19th"]
[Site "Dubai"]
[Date "2017.04.10"]
[Round "8"]
[White "Zhigalko, Sergei"]
[Black "Vignesh, NR."]
[Result "1-0"]
[WhiteElo "2639"]
[BlackElo "2411"]
[PlyCount "51"]
[EventDate "2017.04.03"]
[EventType "swiss"]
[EventRounds "9"]
[EventCountry "UAE"]
[SourceTitle "CBM 177 Extra"]
[Source "ChessBase"]
[SourceDate "2017.04.27"]
[SourceVersion "1"]
[SourceVersionDate "2017.04.27"]
[SourceQuality "1"]

1. e4 e5 2. Nf3 Nc6 3. Bb5 Nf6 4. d3 d6 5. O-O g6 6. d4 Bd7 7. d5 Ne7 8. Bxd7+ Qxd7 9. Re1 Bg7 10. c4 O-O 11. Nc3 h6 12. a4 a5 13. c5 Ne8 14. Be3 f5 15. Qb3 Qc8 16. Rac1 Kh7 17. cxd6 Nxd6 18. Bc5 Qd7 19. exf5 Rxf5 20. Bxd6 cxd6 21. Nb5 Raf8 22. Rc7 Qd8 23. Nfd4 exd4 24. Rexe7 Rg8 25. Nxd4 Re5 26. Qxb7 1-0

[Event "Dubai op 19th"]
[Site "Dubai"]
[Date "2017.04.11"]
[Round "9"]
[White "Korobov, Anton"]
[Black "Zhigalko, Sergei"]
[Result "0-1"]
[WhiteElo "2695"]
[BlackElo "2639"]
[PlyCount "94"]
[EventDate "2017.04.03"]
[EventType "swiss"]
[EventRounds "9"]
[EventCountry "UAE"]
[SourceTitle "CBM 177 Extra"]
[Source "ChessBase"]
[SourceDate "2017.04.27"]
[SourceVersion "1"]
[SourceVersionDate "2017.04.27"]
[SourceQuality "1"]

1. d4 Nf6 2. c4 e6 3. Nf3 b6 4. g3 Ba6 5. b3 Bb4+ 6. Bd2 Be7 7. Bg2 c6 8. Bc3 d5 9. Ne5 Nfd7 10. Nd3 dxc4 11. Nb4 cxb3 12. Nxa6 Nxa6 13. O-O Nb4 14. Qxb3 Nd5 15. Bb2 O-O 16. e4 N5f6 17. Nd2 b5 18. Rac1 Rc8 19. Ba1 Qa5 20. Bc3 Qb6 21. a4 a6 22. Rb1 c5 23. e5 Ng4 24. Nf3 cxd4 25. Bxd4 Bc5 26. axb5 Bxd4 27. Nxd4 Qxd4 28. bxa6 Rc7 29. Qb4 Qxb4 30. Rxb4 Ngxe5 31. Ra1 Ra7 32. f4 Nc5 33. fxe5 Rxa6 34. Rxa6 Nxa6 35. Rb5 Rc8 36. Kf2 Rc2+ 37. Kf3 g5 38. h3 Kg7 39. Bf1 Nc5 40. Ke3 Nd7 41. g4 Rc3+ 42. Kd4 Rf3 43. Bg2 Rf2 44. Bc6 Nf8 45. Rb3 Ng6 46. Re3 Rd2+ 47. Kc3 Rh2 0-1

[Event "BLR-chT"]
[Site "Minsk"]
[Date "2017.05.10"]
[Round "3.2"]
[White "Aleksandrov, Aleksej"]
[Black "Zhigalko, Sergei"]
[Result "1-0"]
[WhiteElo "2559"]
[BlackElo "2643"]
[PlyCount "87"]
[EventDate "2017.05.08"]
[EventType "team-swiss"]
[EventRounds "7"]
[EventCountry "BLR"]
[SourceTitle "CBM 178 Extra"]
[Source "ChessBase"]
[SourceDate "2017.06.22"]
[SourceVersion "1"]
[SourceVersionDate "2017.06.22"]
[SourceQuality "1"]
[WhiteTeam "Vector"]
[BlackTeam "Minsk Grand"]
[WhiteTeamCountry "BLR"]
[BlackTeamCountry "BLR"]

1. d4 Nf6 2. c4 e6 3. Nc3 Bb4 4. Qc2 O-O 5. a3 Bxc3+ 6. Qxc3 b6 7. Nf3 Bb7 8. e3 d6 9. Be2 Nbd7 10. O-O Ne4 11. Qc2 f5 12. b4 Rf6 13. d5 Rg6 14. Bb2 c5 15. bxc5 Ndxc5 16. Nd4 Qg5 17. g3 exd5 18. cxd5 Bxd5 19. Bc4 Bxc4 20. Qxc4+ Kh8 21. Ne2 Rf8 22. Rad1 Ne6 23. Kg2 f4 24. f3 fxg3 25. h4 Qxh4 26. Rh1 Qh2+ 27. Rxh2 gxh2+ 28. Kxh2 Rh6+ 29. Kg2 Rg6+ 30. Kf1 Rxf3+ 31. Ke1 N6c5 32. Qd5 h6 33. Qh5 Rgg3 34. Nxg3 Rxg3 35. Kf1 Rg5 36. Qxh6+ Kg8 37. Qh3 Rh5 38. Qg4 Rf5+ 39. Ke1 Rg5 40. Qc8+ Kf7 41. Bd4 Rg1+ 42. Ke2 Ng3+ 43. Kf2 Rxd1 44. Kxg3 1-0

[Event "BLR-chT"]
[Site "Minsk"]
[Date "2017.05.11"]
[Round "4.1"]
[White "Zhigalko, Sergei"]
[Black "Mochalov, Evgeny Veniaminovic"]
[Result "1-0"]
[WhiteElo "2643"]
[BlackElo "2378"]
[PlyCount "93"]
[EventDate "2017.05.08"]
[EventType "team-swiss"]
[EventRounds "7"]
[EventCountry "BLR"]
[SourceTitle "CBM 178 Extra"]
[Source "ChessBase"]
[SourceDate "2017.06.22"]
[SourceVersion "1"]
[SourceVersionDate "2017.06.22"]
[SourceQuality "1"]
[WhiteTeam "Minsk Grand"]
[BlackTeam "Belaya Tower"]
[WhiteTeamCountry "BLR"]
[BlackTeamCountry "BLR"]

1. e4 c5 2. Nf3 g6 3. c3 Bg7 4. d4 cxd4 5. cxd4 d5 6. e5 Nh6 7. Bb5+ Bd7 8. Bxd7+ Qxd7 9. O-O O-O 10. Nc3 Nc6 11. Re1 e6 12. Bg5 Kh8 13. Qd2 Ng8 14. Re2 f6 15. exf6 Nxf6 16. Rae1 Rae8 17. Bh6 Nh5 18. Bxg7+ Nxg7 19. Ne5 Nxe5 20. Rxe5 Rf5 21. R5e2 Ref8 22. Nd1 Rf4 23. g3 Rf3 24. Ne3 h5 25. Ng2 Kh7 26. Nh4 R3f6 27. f4 Rc8 28. Nf3 Kg8 29. Ne5 Qc7 30. Kh1 Kh7 31. Rg1 Rcf8 32. Rc1 Qd6 33. Qd3 Rf5 34. Nf3 R5f6 35. Rec2 Kg8 36. Rc7 Qb6 37. Ne5 Nf5 38. Qc3 Qxd4 39. Qxd4 Nxd4 40. Rxb7 Nf5 41. Rcc7 d4 42. Nd7 R6f7 43. Nxf8 Rxf8 44. Rxa7 g5 45. Rd7 gxf4 46. gxf4 Rc8 47. Rac7 1-0

[Event "BLR-chT"]
[Site "Minsk"]
[Date "2017.05.14"]
[Round "7.1"]
[White "Drapun, Aleksandr"]
[Black "Zhigalko, Sergei"]
[Result "0-1"]
[WhiteElo "1853"]
[BlackElo "2643"]
[PlyCount "90"]
[EventDate "2017.05.08"]
[EventType "team-swiss"]
[EventRounds "7"]
[EventCountry "BLR"]
[SourceTitle "CBM 178 Extra"]
[Source "ChessBase"]
[SourceDate "2017.06.22"]
[SourceVersion "1"]
[SourceVersionDate "2017.06.22"]
[SourceQuality "1"]
[WhiteTeam "Perspective"]
[BlackTeam "Minsk Grand"]
[WhiteTeamCountry "BLR"]
[BlackTeamCountry "BLR"]

1. e4 c5 2. Nf3 d6 3. d4 cxd4 4. Qxd4 a6 5. Bg5 Nc6 6. Qd2 h6 7. Be3 Nf6 8. Nc3 e6 9. h3 b5 10. Bd3 Bb7 11. O-O Be7 12. Nd4 O-O 13. a3 Rc8 14. f4 Na5 15. b3 Qc7 16. Nde2 Nd7 17. a4 b4 18. Na2 Nc5 19. Nxb4 Nxe4 20. Bxe4 Bxe4 21. Rac1 Nc6 22. Nxc6 Qxc6 23. Nd4 Qb7 24. b4 Rc4 25. c3 Rfc8 26. Nb3 Qc7 27. Qe2 Bd5 28. Na5 Bf6 29. Nxc4 Bxc4 30. Qf2 Bxf1 31. Qxf1 Qc6 32. Qd3 Qxa4 33. Qxd6 Qa3 34. Qd3 Rxc3 35. Rxc3 Qxc3 36. Qxc3 Bxc3 37. Bc5 Bb2 38. Kf2 Ba3 39. Ke2 a5 40. Kd3 Bxb4 41. Bxb4 axb4 42. Kc4 Kh7 43. Kxb4 Kg6 44. g4 Kf6 45. Kc4 g5 0-1

[Event "EU-ch 18th"]
[Site "Minsk"]
[Date "2017.05.30"]
[Round "1"]
[White "Bakalchuk, Johnatan"]
[Black "Zhigalko, Sergei"]
[Result "0-1"]
[WhiteElo "2391"]
[BlackElo "2643"]
[PlyCount "82"]
[EventDate "2017.05.30"]
[EventType "swiss"]
[EventRounds "11"]
[EventCountry "BLR"]
[SourceTitle "CBM 179"]
[Source "ChessBase"]
[SourceDate "2017.07.12"]
[SourceVersion "1"]
[SourceVersionDate "2017.07.12"]
[SourceQuality "1"]

1. e4 c5 2. Nf3 d6 3. d4 cxd4 4. Nxd4 Nf6 5. Nc3 a6 6. Be2 e6 7. O-O Be7 8. f4 O-O 9. Kh1 Qc7 10. Qe1 b5 11. Bf3 Bb7 12. e5 Ne8 13. Bxb7 Qxb7 14. f5 dxe5 15. Qxe5 Bf6 16. Qe3 Nc6 17. Nxc6 Qxc6 18. fxe6 fxe6 19. a4 b4 20. Qe4 Rc8 21. Qxb4 Nd6 22. Bf4 Nc4 23. Bg3 Rf7 24. a5 Ne3 25. Rf2 Bd4 26. Re2 Rcf8 27. h4 e5 28. Rxe3 Bxe3 29. Bxe5 Bf4 30. Re1 Qh6 31. g3 Bxe5 32. Rxe5 Qc1+ 33. Kh2 Rf2+ 34. Kh3 Qh1+ 35. Kg4 Qf3+ 36. Kh3 Qg2+ 37. Kg4 Qf3+ 38. Kh3 Rf1 39. Qc4+ Kh8 40. Re2 Rg1 41. Ne4 Qf1+ 0-1

[Event "EU-ch 18th"]
[Site "Minsk"]
[Date "2017.06.02"]
[Round "4"]
[White "Zhigalko, Sergei"]
[Black "Aleksandrov, Aleksej"]
[Result "1-0"]
[WhiteElo "2643"]
[BlackElo "2559"]
[PlyCount "187"]
[EventDate "2017.05.30"]
[EventType "swiss"]
[EventRounds "11"]
[EventCountry "BLR"]
[SourceTitle "CBM 179"]
[Source "ChessBase"]
[SourceDate "2017.07.12"]
[SourceVersion "1"]
[SourceVersionDate "2017.07.12"]
[SourceQuality "1"]

1. c4 e6 2. Nc3 d5 3. d4 a6 4. cxd5 exd5 5. Nf3 c6 6. Qb3 Nf6 7. Bg5 Be7 8. e3 Nbd7 9. Bd3 O-O 10. O-O Re8 11. Qc2 Nf8 12. Rab1 g6 13. b4 Ne6 14. Bh4 Ng7 15. a4 Bf5 16. Bxf6 Bxf6 17. b5 axb5 18. axb5 Bxd3 19. Qxd3 Nf5 20. Qc2 Ra3 21. Na4 Qa5 22. Nc5 Re7 23. bxc6 bxc6 24. Rfc1 Rc7 25. Nd3 Ne7 26. g3 Kg7 27. Nfe5 h5 28. h4 Ra2 29. Qc3 Qa8 30. Ra1 Rxa1 31. Rxa1 Qc8 32. Qc5 Rb7 33. Ra7 Bxe5 34. Nxe5 Rxa7 35. Qxa7 Qd8 36. Kf1 Qd6 37. Ke2 Kf8 38. Qa8+ Kg7 39. Qh8+ Kxh8 40. Nxf7+ Kg7 41. Nxd6 Kf6 42. Kf3 Ke6 43. Nb7 Kf5 44. Nd8 g5 45. hxg5 Kxg5 46. Ne6+ Kf5 47. Nf4 Kg5 48. Nd3 Kf5 49. Ne1 Ng8 50. Ng2 Ne7 51. Nh4+ Kg5 52. Kg2 Ng8 53. Kh3 Nh6 54. f3 Kf6 55. Kg2 Nf7 56. Kf2 Nd8 57. Ng2 Kg5 58. Nf4 Nf7 59. Nd3 Nd8 60. Nb4 Kf5 61. Kg2 Kf6 62. Kh3 Kg5 63. Kg2 Kf5 64. Nd3 Nf7 65. Kf2 Nd8 66. Nb4 Kg5 67. Na6 Ne6 68. Nc5 Ng7 69. Nd7 Ne6 70. Kg2 Kf5 71. Nc5 Ng5 72. Nd3 Nf7 73. Nf4 Kg5 74. Kf2 Nd8 75. Nd3 Kf5 76. Kg2 Kg5 77. Kh2 Kf5 78. Kh3 Kg5 79. Nb4 Kg6 80. Kh4 Kh6 81. e4 dxe4 82. fxe4 Kg6 83. Nd3 Kf6 84. Nf4 c5 85. Nxh5+ Ke7 86. dxc5 Ne6 87. c6 Nc5 88. Nf6 Kd6 89. Kg5 Ne6+ 90. Kg6 Nd4 91. e5+ Kxc6 92. g4 Kc7 93. g5 Kd8 94. Nd5 1-0

[Event "EU-ch 18th"]
[Site "Minsk"]
[Date "2017.06.05"]
[Round "6"]
[White "Zhigalko, Sergei"]
[Black "Paichadze, Luka"]
[Result "1/2-1/2"]
[WhiteElo "2643"]
[BlackElo "2568"]
[PlyCount "90"]
[EventDate "2017.05.30"]
[EventType "swiss"]
[EventRounds "11"]
[EventCountry "BLR"]
[SourceTitle "CBM 179"]
[Source "ChessBase"]
[SourceDate "2017.07.12"]
[SourceVersion "1"]
[SourceVersionDate "2017.07.12"]
[SourceQuality "1"]

1. e4 c6 2. d4 d5 3. e5 c5 4. dxc5 Nc6 5. Nf3 Bg4 6. c3 e6 7. Be3 a6 8. Nbd2 Nxe5 9. Be2 Nc6 10. h3 Bxf3 11. Nxf3 Nf6 12. b4 Be7 13. O-O O-O 14. Rc1 Nd7 15. a4 Nde5 16. Nxe5 Nxe5 17. c4 Nxc4 18. Bxc4 dxc4 19. Rxc4 Qxd1 20. Rxd1 Rfd8 21. Rxd8+ Rxd8 22. Kf1 Kf8 23. b5 axb5 24. axb5 Ke8 25. Ke2 f6 26. Ra4 Rd5 27. Ra7 Bxc5 28. Bxc5 Rxc5 29. Rxb7 Kf8 30. Kd3 e5 31. b6 Rc6 32. g4 Kg8 33. Ke4 Rd6 34. Kf5 g6+ 35. Ke4 h6 36. h4 Rd4+ 37. Ke3 Rd6 38. Ke4 Rd4+ 39. Ke3 Rd6 40. f4 exf4+ 41. Kxf4 Rd4+ 42. Ke3 Rb4 43. h5 gxh5 44. gxh5 f5 45. Kf3 Kh8 1/2-1/2

[Event "EU-ch 18th"]
[Site "Minsk"]
[Date "2017.06.10"]
[Round "11"]
[White "Rodshtein, Maxim"]
[Black "Zhigalko, Sergei"]
[Result "1/2-1/2"]
[WhiteElo "2698"]
[BlackElo "2643"]
[PlyCount "25"]
[EventDate "2017.05.30"]
[EventType "swiss"]
[EventRounds "11"]
[EventCountry "BLR"]
[SourceTitle "CBM 179"]
[Source "ChessBase"]
[SourceDate "2017.07.12"]
[SourceVersion "1"]
[SourceVersionDate "2017.07.12"]
[SourceQuality "1"]

1. d4 Nf6 2. c4 e6 3. g3 c5 4. d5 exd5 5. cxd5 d6 6. Nc3 g6 7. Bg2 Bg7 8. Nf3 O-O 9. O-O Re8 10. Bf4 Bf5 11. Nh4 Bc8 12. Nf3 Bf5 13. Nh4 1/2-1/2

[Event "WchT 11th"]
[Site "Khanty-Mansiysk"]
[Date "2017.06.18"]
[Round "2.1"]
[White "Zhigalko, Sergei"]
[Black "Ponomariov, Ruslan"]
[Result "1/2-1/2"]
[WhiteElo "2635"]
[BlackElo "2712"]
[PlyCount "29"]
[EventDate "2017.06.17"]
[EventType "team-tourn"]
[EventRounds "9"]
[EventCountry "RUS"]
[SourceTitle "CBM 179"]
[Source "ChessBase"]
[SourceDate "2017.07.12"]
[SourceVersion "1"]
[SourceVersionDate "2017.07.12"]
[SourceQuality "1"]
[WhiteTeam "Belarus"]
[BlackTeam "Ukraine"]
[WhiteTeamCountry "BLR"]
[BlackTeamCountry "UKR"]

1. e4 e5 2. Nf3 Nc6 3. Bc4 Bc5 4. O-O Nf6 5. d3 O-O 6. h3 d6 7. c3 h6 8. Re1 a5 9. Nbd2 Be6 10. Bb5 Qb8 11. Nf1 Qa7 12. Ne3 a4 13. Bxc6 bxc6 14. Nh4 Kh7 15. Qf3 1/2-1/2

[Event "WchT 11th"]
[Site "Khanty-Mansiysk"]
[Date "2017.06.19"]
[Round "3.1"]
[White "Vidit, Santosh Gujrathi"]
[Black "Zhigalko, Sergei"]
[Result "1/2-1/2"]
[WhiteElo "2692"]
[BlackElo "2635"]
[PlyCount "98"]
[EventDate "2017.06.17"]
[EventType "team-tourn"]
[EventRounds "9"]
[EventCountry "RUS"]
[SourceTitle "CBM 179"]
[Source "ChessBase"]
[SourceDate "2017.07.12"]
[SourceVersion "1"]
[SourceVersionDate "2017.07.12"]
[SourceQuality "1"]
[WhiteTeam "India"]
[BlackTeam "Belarus"]
[WhiteTeamCountry "IND"]
[BlackTeamCountry "BLR"]

1. d4 Nf6 2. c4 e6 3. Nf3 b6 4. g3 Ba6 5. b3 Bb4+ 6. Bd2 Be7 7. Nc3 O-O 8. Bg2 c6 9. e4 d5 10. exd5 cxd5 11. Ne5 Bb7 12. O-O Nc6 13. Bf4 Rc8 14. Rc1 Ba3 15. Rc2 a6 16. Na4 Re8 17. Bg5 Be7 18. Re1 dxc4 19. bxc4 h6 20. Be3 Bb4 21. Rf1 Ba5 22. Qb1 Qc7 23. Nd3 Nxd4 24. Bxd4 Bxg2 25. Kxg2 Qc6+ 26. f3 Qxa4 27. Bxf6 gxf6 28. Rfc1 Red8 29. Nf2 f5 30. g4 Bd2 31. Rg1 Bg5 32. gxf5 exf5 33. h4 Bf6 34. Qxb6 Rc6 35. Qb3 Qxb3 36. axb3 Rb6 37. c5 Rxb3 38. c6 Rc8 39. Rc5 Bd4 40. Rc4 Be3 41. Re1 a5 42. Nd1 f4 43. Nxe3 fxe3 44. f4 Rb4 45. Rxb4 axb4 46. Rc1 Kf8 47. Kf3 Ke7 48. Kxe3 Kd6 49. Rc4 Rxc6 1/2-1/2

[Event "WchT 11th"]
[Site "Khanty-Mansiysk"]
[Date "2017.06.20"]
[Round "4.1"]
[White "Zhigalko, Sergei"]
[Black "Svidler, Peter"]
[Result "1/2-1/2"]
[WhiteElo "2635"]
[BlackElo "2756"]
[PlyCount "84"]
[EventDate "2017.06.17"]
[EventType "team-tourn"]
[EventRounds "9"]
[EventCountry "RUS"]
[SourceTitle "CBM 179"]
[Source "ChessBase"]
[SourceDate "2017.07.12"]
[SourceVersion "1"]
[SourceVersionDate "2017.07.12"]
[SourceQuality "1"]
[WhiteTeam "Belarus"]
[BlackTeam "Russia"]
[WhiteTeamCountry "BLR"]
[BlackTeamCountry "RUS"]

1. e4 e5 2. Nf3 Nc6 3. Bb5 a6 4. Ba4 Nf6 5. O-O Be7 6. d3 b5 7. Bb3 d6 8. a3 Na5 9. Ba2 c5 10. Nc3 Be6 11. Bxe6 fxe6 12. Ne2 Nc6 13. Ng3 O-O 14. Re1 a5 15. a4 b4 16. c3 Qd7 17. h3 Bd8 18. Be3 Bb6 19. Qb3 h6 20. Rad1 Rfc8 21. Qa2 Rab8 22. Bc1 Ne7 23. Nh4 c4 24. dxc4 b3 25. Qa3 Bc5 26. Qa1 Ba7 27. Qa3 Bc5 28. Qa1 Ne8 29. Rd3 Kh7 30. Nf1 Nf6 31. Be3 Nxe4 32. Qd1 Rb6 33. Bxc5 Nxc5 34. Rxe5 Nxa4 35. Qb1 Kg8 36. Rxa5 Rxc4 37. Nf3 Rc5 38. Ra8+ Rc8 39. Rxc8+ Qxc8 40. Rd4 Nc5 41. Qd1 Nf5 42. Rb4 Qb7 1/2-1/2

[Event "WchT 11th"]
[Site "Khanty-Mansiysk"]
[Date "2017.06.21"]
[Round "5.1"]
[White "Shankland, Samuel L"]
[Black "Zhigalko, Sergei"]
[Result "1/2-1/2"]
[WhiteElo "2676"]
[BlackElo "2635"]
[PlyCount "152"]
[EventDate "2017.06.17"]
[EventType "team-tourn"]
[EventRounds "9"]
[EventCountry "RUS"]
[SourceTitle "CBM 179"]
[Source "ChessBase"]
[SourceDate "2017.07.12"]
[SourceVersion "1"]
[SourceVersionDate "2017.07.12"]
[SourceQuality "1"]
[WhiteTeam "US of America"]
[BlackTeam "Belarus"]
[WhiteTeamCountry "USA"]
[BlackTeamCountry "BLR"]

1. d4 Nf6 2. c4 e6 3. g3 Bb4+ 4. Bd2 Be7 5. Bg2 d5 6. Nf3 O-O 7. O-O c6 8. Qc2 b6 9. Rd1 Nbd7 10. Bf4 Bb7 11. Ne5 Nh5 12. Bd2 Nhf6 13. cxd5 cxd5 14. Nc6 Bxc6 15. Qxc6 Rc8 16. Qb5 Ne8 17. Nc3 Nd6 18. Qd3 Nf6 19. b3 Qd7 20. f3 b5 21. e3 Rfd8 22. Rac1 a6 23. a4 b4 24. Ne2 a5 25. Be1 Qb7 26. g4 Nd7 27. Bg3 Rxc1 28. Rxc1 Rc8 29. Bf1 Rxc1 30. Nxc1 Qc8 31. Qd2 g6 32. Nd3 Kf8 33. Kg2 Ne8 34. Nf4 Nd6 35. Bd3 Qc6 36. h4 Kg8 37. Bc2 Bd8 38. Qd3 Bf6 39. h5 Bg7 40. Bb1 Kf8 41. Kh3 Ke7 42. hxg6 hxg6 43. Qd2 Ke8 44. Bd3 Bf6 45. Qd1 Ke7 46. Qd2 Ke8 47. Kg2 Ke7 48. Kf1 Ke8 49. Ke2 Kf8 50. Kd1 Kg8 51. Bc2 Be7 52. Qd3 Nf8 53. e4 Bg5 54. e5 Ne8 55. Ne2 Bd8 56. Qe3 Nh7 57. f4 Ng7 58. Qf3 Qd7 59. Bf2 Nf8 60. Ng3 f5 61. exf6 Bxf6 62. f5 gxf5 63. gxf5 Qf7 64. fxe6 Qxe6 65. Nf5 Nxf5 66. Bxf5 Qf7 67. Bh3 Ng6 68. Qe3 Bxd4 69. Qxd4 Qf3+ 70. Kd2 Qxh3 71. Qxd5+ Kf8 72. Bc5+ Ke8 73. Qe4+ Kd7 74. Bd4 Qxb3 75. Qxg6 Qa2+ 76. Ke3 Qe6+ 1/2-1/2

[Event "WchT 11th"]
[Site "Khanty-Mansiysk"]
[Date "2017.06.23"]
[Round "6.1"]
[White "Zhigalko, Sergei"]
[Black "Tari, Aryan"]
[Result "1-0"]
[WhiteElo "2635"]
[BlackElo "2593"]
[PlyCount "49"]
[EventDate "2017.06.17"]
[EventType "team-tourn"]
[EventRounds "9"]
[EventCountry "RUS"]
[SourceTitle "CBM 179"]
[Source "ChessBase"]
[SourceDate "2017.07.12"]
[SourceVersion "1"]
[SourceVersionDate "2017.07.12"]
[SourceQuality "1"]
[WhiteTeam "Belarus"]
[BlackTeam "Norway"]
[WhiteTeamCountry "BLR"]
[BlackTeamCountry "NOR"]

1. e4 c6 2. d4 d5 3. e5 Bf5 4. Nf3 e6 5. Be2 Ne7 6. c3 Nd7 7. O-O h6 8. a4 a5 9. Na3 g5 10. Ne1 Bg7 11. f4 gxf4 12. Nd3 Qb6 13. Kh1 Ng6 14. Nxf4 Nxf4 15. Rxf4 f6 16. Rxf5 exf5 17. e6 Nf8 18. Bd3 Nxe6 19. Bxf5 Ng5 20. Qh5+ Kf8 21. Bf4 Qxb2 22. Bd6+ Kg8 23. Re1 Rf8 24. Bxf8 Qf2 25. Qe8 1-0

[Event "WchT 11th"]
[Site "Khanty-Mansiysk"]
[Date "2017.06.25"]
[Round "8.1"]
[White "Zhigalko, Sergei"]
[Black "Wojtaszek, Radoslaw"]
[Result "0-1"]
[WhiteElo "2635"]
[BlackElo "2730"]
[PlyCount "94"]
[EventDate "2017.06.17"]
[EventType "team-tourn"]
[EventRounds "9"]
[EventCountry "RUS"]
[SourceTitle "CBM 179"]
[Source "ChessBase"]
[SourceDate "2017.07.12"]
[SourceVersion "1"]
[SourceVersionDate "2017.07.12"]
[SourceQuality "1"]
[WhiteTeam "Belarus"]
[BlackTeam "Poland"]
[WhiteTeamCountry "BLR"]
[BlackTeamCountry "POL"]

1. e4 e5 2. Nf3 Nc6 3. Bc4 Bc5 4. O-O Nf6 5. d3 d6 6. c3 a6 7. a4 O-O 8. Re1 Ba7 9. Na3 Ne7 10. Bg5 Ng6 11. Nh4 Kh8 12. Nc2 h6 13. Nxg6+ fxg6 14. Be3 Bxe3 15. Nxe3 g5 16. a5 Bd7 17. Qb3 Rb8 18. Be6 Bc6 19. Rad1 Qe8 20. Qa2 Nh5 21. Bg4 Nf4 22. Rd2 h5 23. Bd1 g4 24. b4 Qg6 25. Ba4 Bxa4 26. Qxa4 c6 27. Qd1 Rf7 28. Nf1 Rbf8 29. d4 exd4 30. cxd4 d5 31. exd5 Nxd5 32. Re5 Kg8 33. Ne3 Nf4 34. d5 cxd5 35. Kh1 Qd6 36. Re4 Qg6 37. Red4 Ne6 38. Rxd5 Rxf2 39. Rxf2 Rxf2 40. Re5 Nf4 41. Rf5 Qe6 42. Qd4 Qb3 43. h3 Qb1+ 44. Qd1 Qxd1+ 45. Nxd1 Rf1+ 46. Kh2 g3+ 47. Kxg3 Ne2+ 0-1

[Event "WchT 11th"]
[Site "Khanty-Mansiysk"]
[Date "2017.06.26"]
[Round "9.1"]
[White "Solak, Dragan"]
[Black "Zhigalko, Sergei"]
[Result "1/2-1/2"]
[WhiteElo "2641"]
[BlackElo "2635"]
[PlyCount "92"]
[EventDate "2017.06.17"]
[EventType "team-tourn"]
[EventRounds "9"]
[EventCountry "RUS"]
[SourceTitle "CBM 179"]
[Source "ChessBase"]
[SourceDate "2017.07.12"]
[SourceVersion "1"]
[SourceVersionDate "2017.07.12"]
[SourceQuality "1"]
[WhiteTeam "Turkey"]
[BlackTeam "Belarus"]
[WhiteTeamCountry "TUR"]
[BlackTeamCountry "BLR"]

1. e4 c5 2. c3 d5 3. exd5 Qxd5 4. d4 Nf6 5. Nf3 e6 6. Be2 Nc6 7. O-O cxd4 8. Nxd4 Bd7 9. Bf3 Qa5 10. Nxc6 Bxc6 11. Bxc6+ bxc6 12. Nd2 Qb5 13. c4 Qb6 14. Qf3 Be7 15. b3 O-O 16. Bb2 a5 17. Qg3 Nh5 18. Qf3 Bf6 19. Rab1 Bxb2 20. Rxb2 Nf6 21. Nb1 Rfd8 22. g3 a4 23. b4 Qd4 24. Rc2 Ne4 25. Re1 Ng5 26. Qe2 Qd3 27. Kg2 Nf3 28. Rec1 Qxe2 29. Rxe2 Rd3 30. Rc3 Rd1 31. Kxf3 Rxb1 32. a3 Rd8 33. Re5 g6 34. Kg2 h5 35. Rf3 Rc1 36. Rc5 Rdd1 37. Kh3 Kg7 38. Ra5 f5 39. Re3 Kf7 40. Rae5 Rd2 41. Rxe6 Rxf2 42. Rxc6 g5 43. Rc7+ Kf6 44. Rc6+ Kf7 45. Rc7+ Kf6 46. Rc6+ Kf7 1/2-1/2